| 000 | 00637nam a2200217 a 4500 | ||
|---|---|---|---|
| 001 | 61587 | ||
| 003 | BD-RjUL | ||
| 005 | 20211209080959.0 | ||
| 008 | 170119s1986 bg ||||| |||| 00| 0 eng d | ||
| 020 | _c: Tk. 50.00 | ||
| 035 | _a(BD-RjUL)61711 | ||
| 040 |
_aBD-RjUL _beng _cBD-RjUL |
||
| 041 | _aeng | ||
| 082 |
_223 _a428.0071 _bAHL 1986 |
||
| 100 |
_aAhmed, Sadruddin _9183495 |
||
| 245 | 1 | 0 |
_aLearning English : _bthe easy way / _cSadruddin Ahmed |
| 260 |
_aRajshahi : _bBegum Akhtar Ahmed, _c1986 |
||
| 300 |
_a[8], 154 p. ; _c23 cm. |
||
| 650 |
_aEnglish language _xStudy and teaching _xForeign speakers. _9183215 |
||
| 942 |
_2ddc _cBK |
||
| 999 |
_c61587 _d61587 |
||